| 000 | 00707cam a22002412 4500 | ||
|---|---|---|---|
| 001 | 0000004583 | ||
| 005 | 20151217145817.0 | ||
| 008 | 070525s xx 000 0 eng d | ||
| 020 |
_a007136005 : _cKES 3,723 |
||
| 040 |
_aKABU _cKABU |
||
| 050 | 0 |
_aQH308.2 _b.B69 |
|
| 100 | 1 |
_aBoyle, Mike. _@0000155217 |
|
| 245 | 1 | 0 |
_aBiology / _cMike Boyle, Kathryn Senior. |
| 260 |
_aLondon : _bHarperCollins, _c2002. |
||
| 300 |
_a716 p. : _bill. ; _c28 cm. |
||
| 440 | 0 |
_aCollins advanced science _@0000155218 |
|
| 500 | _aIncludes index. | ||
| 650 | 0 |
_aBiology. _@0000003707 |
|
| 700 | 1 |
_aSenior, Kathryn. _@0000033376 |
|
| 908 | _a070525 | ||
| 950 | _@1 | ||
| 999 |
_c2793 _d2793 |
||